000 00292nam a2200121Ia 4500
008 190216s9999||||xx |||||||||||||| ||und||
100 _aAvadhani V A
245 0 _aInvestment And Securities Markets In India
260 _bKitab Mahal
_c2001
300 _a548
650 _aCommerce
942 _cBK
999 _c6199
_d6199